[Event "Lucky op 2nd"]
[Site "Hamburg"]
[Date "1999.10.20"]
[Round "7"]
[White "Klingbeil, Gaby"]
[Black "Graffenberger, Marianne"]
[Result "1-0"]
[WhiteElo "1252"]
[BlackElo "1282"]
[PlyCount "89"]
[EventDate "1999.10.??"]
[Source "www.chesslib.no"]
[SourceDate "2004.05.04"]

1. e4 e5 2. Nf3 Nc6 3. Bc4 Nf6 4. Ng5 d5 5. exd5 Nxd5 6. d3 Be6 7. Nxe6 Qd7 8. Nxf8 Rxf8 9. Qf3 Nd4 10. Qd1 O-O-O 11. Be3 Rfe8 12. O-O Re6 13. Bxd5 Qxd5 14. Nc3 Qc6 15. Re1 Rg6 16. Ne4 Qxc2 17. Bxd4 Qxd1 18. Raxd1 exd4 19. Nc5 b6 20. Nb3 Rd7 21. Re4 c5 22. Rc1 Rd5 23. Nxd4 f5 24. Rf4 Kb7 25. Nxf5 Rxd3 26. g3 Rd2 27. Rb1 h5 28. Kf1 Rd7 29. Re1 Ka6 30. Re7 Rd2 31. Nxg7 Rxb2 32. Ra4+ Kb5 33. Rexa7 Rf6 34. Rf4 Rd6 35. Nxh5 Rdd2 36. g4 Rd3 37. Ng3 c4 38. Ne4 Kb4 39. g5 c3 40. Nxc3+ Kxc3 41. Ra3+ Kc2 42. Rxd3 Kxd3 43. g6 Rxa2 44. g7 Ra8 45. Rf8 1-0

[Event "Nationale I (youth) rounds 4-11 2004/05"]
[Site "?"]
[Date "2004.12.19"]
[Round "6.8"]
[White "Ketani Yanis"]
[Black "Gonzalez Claire"]
[Result "1-0"]
[WhiteElo "1380"]
[BlackElo "1090"]
[PlyCount "67"]
[EventDate "2004.??.??"]
[Source "www.chesslib.no"]
[SourceDate "2004.05.04"]

1. e4 e5 2. Nf3 Nc6 3. Bc4 Nf6 4. Ng5 Qe7 5. Nxf7 Rg8 6. Ng5 Rh8 7. Nc3 a6 8. d3 Na5 9. Bb3 Nxb3 10. axb3 h6 11. Nf3 Qf7 12. Be3 Bd6 13. O-O Bb4 14. Nxe5 Qe7 15. Ng6 Qf7 16. Nxh8 Qf8 17. Ng6 Qf7 18. Ne5 Qe7 19. Nc4 d6 20. Ra4 Bxc3 21. bxc3 Qf7 22. e5 Qg6 23. exf6 Bh3 24. Qf3 Bf5 25. fxg7 Kf7 26. Qxb7 Re8 27. Qxc7+ Re7 28. Nxd6+ Ke6 29. Qc6 Bg4 30. Ne4+ Kf7 31. Qxg6+ Kxg6 32. g8=Q+ Rg7 33. Qe8+ Kh7 34. Nf6# 1-0

[Event "Ecole d'Echecs U16 op"]
[Site "Bagneux"]
[Date "2001.??.??"]
[Round "2"]
[White "Hendriks, Tobias"]
[Black "Nassat, Pierre"]
[Result "1-0"]
[WhiteElo "1365"]
[BlackElo "1099"]
[PlyCount "79"]
[EventDate "2001.06.25"]
[Source "www.chesslib.no"]
[SourceDate "2004.05.04"]

1. e4 e5 2. Nf3 Nc6 3. Bc4 Nf6 4. Ng5 Bb4 5. Nxf7 Qe7 6. Nxh8 d6 7. O-O Bc5 8. Kh1 Be6 9. Bxe6 Qxe6 10. Nc3 Nd4 11. d3 g6 12. Be3 Nf5 13. exf5 Qxf5 14. Bxc5 dxc5 15. Qe2 Ng4 16. h3 Nf6 17. Ne4 Nh5 18. Qg4 Qf8 19. Qe6+ Kd8 20. Nf7+ Qxf7 21. Qxf7 Nf4 22. Qf8+ Kd7 23. Nxc5+ Kc6 24. Qxa8 Kxc5 25. Qxa7+ Kc6 26. Qa4+ b5 27. Qa6+ Kc5 28. Qf6 Nd5 29. Qxe5 Kc6 30. c4 Nb4 31. Qxb5+ Kd6 32. Qxb4+ c5 33. Qb6+ Kd7 34. Qxc5 Ke6 35. Rfe1+ Kf6 36. Qe5+ Kf7 37. Qe7+ Kg8 38. Qf6 h5 39. Re8+ Kh7 40. Rh8# 1-0